00826nam a2200205 i 4500001000700000003000900007005001700016008004100033100004000074245007100114250001200185260003700197300003900234490006300273600005300336830006800389852002200457999001900479952012200498186902ES-MaACL20250911063609.0170228s1932 sp |||| | spa d1 aPonce, Aníbal, d1898-193899293710aSarmiento, constructor de la nueva Argentina / cpor Anibal Ponce. a1ª ed. aMadrid : bEspasa-Calpe, c1932. a239 p., [4] p.de lám. ; c18 cm.1 aVidas Españolas e Hispanoamericanas del Siglo XIX ; v2814aSarmiento, Domingo Faustino, d1811-1888910382500aVidas españolas e hispanoamericanas del siglo XIXv289192640 aES-MaACLjC-23239 c186902d186902 00104070aATENEOMbATENEOMcDEPO2d2017-02-28eSCl0oC-23239p1197142r2023-02-23 00:00:00w2023-02-23yMONOGRAFIA